000 00268 a2200085 4500
020 _a 978-0812236231
100 _aMarc Treib
245 _aThe Architecture of Landscape, 1940-1960 (Penn Studies in Landscape Architecture)
260 _bUniversity of Pennsylvania Press
_c2002
999 _c13649
_d13649